| 000 | 00753nam a2200265Ia 4500 | ||
|---|---|---|---|
| 003 | OSt | ||
| 005 | 20221006145005.0 | ||
| 006 | a|||||r|||| 00| 0 | ||
| 007 | ta | ||
| 008 | 221006b |||||||| |||| 00| 0 eng d | ||
| 020 |
_a9788178270517 _c1395.00 |
||
| 024 | _a13,433 | ||
| 037 | _cTextual | ||
| 040 |
_aEASL _cEASL _beng |
||
| 041 |
_2eng _aeng |
||
| 082 | _aV41:6.P2<-N5, P3 | ||
| 100 | _aSHARMA Ravindra | ||
| 245 | 0 |
_aChina from marxism to modernisation _b Post-revolution documentary history of the CPC (1956-2002) |
|
| 260 |
_aNew Delhi _bManak Pub. _c2003 |
||
| 300 |
_a916p. _ccm. |
||
| 490 | _v RS | ||
| 650 | _aCEL | ||
| 942 |
_hV41:6.P2<-N5, P3 _cTEXL _2CC |
||
| 999 |
_c1081519 _d1081519 |
||